<?xml version="1.0" encoding="UTF-8"?>
<record
    xmlns:xsi="http://www.w3.org/2001/XMLSchema-instance"
    xsi:schemaLocation="http://www.loc.gov/MARC21/slim http://www.loc.gov/standards/marcxml/schema/MARC21slim.xsd"
    xmlns="http://www.loc.gov/MARC21/slim">

  <leader>00582nam a22001457a 4500</leader>
  <controlfield tag="003">OSt</controlfield>
  <controlfield tag="005">20240405152516.0</controlfield>
  <controlfield tag="008">240405b        |||||||| |||| 00| 0 eng d</controlfield>
  <datafield tag="040" ind1=" " ind2=" ">
    <subfield code="c">Central Library MRSPTU</subfield>
  </datafield>
  <datafield tag="100" ind1=" " ind2=" ">
    <subfield code="a">Dr. Navrattan Kapur (&#xA21;&#xA3E;. &#xA28;&#xA35;&#xA30;&#xA24;&#xA28; &#xA15;&#xA2A;&#xA42;&#xA30;)</subfield>
  </datafield>
  <datafield tag="245" ind1=" " ind2=" ">
    <subfield code="a">Dr. Hardayal (&#xA21;&#xA3E;&#xA15;&#xA1F;&#xA30; &#xA39;&#xA30;&#xA26;&#xA3F;&#xA06;&#xA32;)</subfield>
    <subfield code="b">A Practical Intellectual and Diplomat (&#xA07;&#xA71;&#xA15; &#xA2A;&#xA4D;&#xA30;&#xA2F;&#xA4B;&#xA17;&#xA38;&#xA3C;&#xA40;&#xA32; &#xA2C;&#xA41;&#xA71;&#xA27;&#xA40;&#xA1C;&#xA40;&#xA35;&#xA40; &#xA24;&#xA47; &#xA30;&#xA3E;&#xA1C;&#xA28;&#xA07;&#xA15;</subfield>
  </datafield>
  <datafield tag="260" ind1=" " ind2=" ">
    <subfield code="a">Patiala</subfield>
    <subfield code="b">Publication Bureau Punjabi University</subfield>
    <subfield code="c">1988</subfield>
  </datafield>
  <datafield tag="300" ind1=" " ind2=" ">
    <subfield code="a">245</subfield>
  </datafield>
  <datafield tag="942" ind1=" " ind2=" ">
    <subfield code="2">ddc</subfield>
    <subfield code="c">BK</subfield>
    <subfield code="n">0</subfield>
  </datafield>
  <datafield tag="952" ind1=" " ind2=" ">
    <subfield code="0">0</subfield>
    <subfield code="1">0</subfield>
    <subfield code="2">ddc</subfield>
    <subfield code="4">0</subfield>
    <subfield code="7">0</subfield>
    <subfield code="8">BK</subfield>
    <subfield code="a">MCL</subfield>
    <subfield code="b">MCL</subfield>
    <subfield code="d">2024-04-05</subfield>
    <subfield code="l">0</subfield>
    <subfield code="p">G-167</subfield>
    <subfield code="r">2024-04-05 15:25:39</subfield>
    <subfield code="w">2024-04-05</subfield>
    <subfield code="y">BK</subfield>
  </datafield>
  <datafield tag="999" ind1=" " ind2=" ">
    <subfield code="c">9999</subfield>
    <subfield code="d">9999</subfield>
  </datafield>
</record>
